<?xml version="1.0" encoding="UTF-8"?>
<record
    xmlns:xsi="http://www.w3.org/2001/XMLSchema-instance"
    xsi:schemaLocation="http://www.loc.gov/MARC21/slim http://www.loc.gov/standards/marcxml/schema/MARC21slim.xsd"
    xmlns="http://www.loc.gov/MARC21/slim">

  <leader>01987cam a22003011  4500</leader>
  <controlfield tag="001">gs 46000037 </controlfield>
  <controlfield tag="003">DLC</controlfield>
  <controlfield tag="005">20260227111351.0</controlfield>
  <controlfield tag="008">790118s1942    xx            000 0 eng  </controlfield>
  <datafield tag="010" ind1=" " ind2=" ">
    <subfield code="a">gs 46000037 </subfield>
  </datafield>
  <datafield tag="035" ind1=" " ind2=" ">
    <subfield code="a">(OCoLC)4560569</subfield>
  </datafield>
  <datafield tag="040" ind1=" " ind2=" ">
    <subfield code="a">DLC</subfield>
    <subfield code="c">OU</subfield>
    <subfield code="d">OU</subfield>
    <subfield code="d">DLC</subfield>
  </datafield>
  <datafield tag="042" ind1=" " ind2=" ">
    <subfield code="a">premarc</subfield>
  </datafield>
  <datafield tag="050" ind1="0" ind2="0">
    <subfield code="a">TA7</subfield>
    <subfield code="b">.O4 no. 52</subfield>
  </datafield>
  <datafield tag="082" ind1=" " ind2=" ">
    <subfield code="a">628.1</subfield>
  </datafield>
  <datafield tag="100" ind1="1" ind2=" ">
    <subfield code="a">Smith, Otto Mitchell,</subfield>
    <subfield code="d">1884- [from old catalog]</subfield>
  </datafield>
  <datafield tag="245" ind1="1" ind2="4">
    <subfield code="a">The chemical analyses of the waters of Oklahoma;</subfield>
    <subfield code="c">[Contributors]: Robert H. Dott and E. C. Warkentin.</subfield>
  </datafield>
  <datafield tag="260" ind1=" " ind2=" ">
    <subfield code="a">Stillwater, Okla.,</subfield>
    <subfield code="b">Engineering Experiment Station, Oklahoma Agricultural and Mechanical College,</subfield>
    <subfield code="c">[1942]</subfield>
  </datafield>
  <datafield tag="300" ind1=" " ind2=" ">
    <subfield code="a">xxii, 474 p.</subfield>
    <subfield code="b">ill., maps (1 fold.) diagrs., tables.</subfield>
    <subfield code="c">23 cm.</subfield>
  </datafield>
  <datafield tag="490" ind1="1" ind2=" ">
    <subfield code="a">Oklahoma. Agricultural and Mechanical College. Engineering Experiment Station. Publication</subfield>
    <subfield code="v">no. 52</subfield>
  </datafield>
  <datafield tag="490" ind1="1" ind2=" ">
    <subfield code="a">Oklahoma. Agricultural and Mechanical College. Division of Engineering. Publication,</subfield>
    <subfield code="v">v. 12, no. 1</subfield>
  </datafield>
  <datafield tag="501" ind1=" " ind2=" ">
    <subfield code="a">With : Spherical transformation charts for selecting and identifying stars for field observations / Clarence Edward S. Bardsley -- Logic of technology, Part 1-2 / Nicholas M. Oboukhoff --  Relations of technology to humanism in Goethe's Faust and in the works of Saint-Simon / Nicholas M. Oboukhoff -- How to build your own home of earth / John Edward Kirkham -- A method of successive appropriations in electrical design, Part 2 / Nicholas M. Oboukhoff -- Oklahoma manufacturers / H. G. Thuesen. Stillwater, Okla.: Engineering Experiment Station, Oklahoma Agricultural and Mechanical College, 1941-1945. Bound together subsequent to publication.</subfield>
    <subfield code="5">DLC</subfield>
  </datafield>
  <datafield tag="504" ind1=" " ind2=" ">
    <subfield code="a">Includes bibliographical references.</subfield>
  </datafield>
  <datafield tag="650" ind1=" " ind2="0">
    <subfield code="a">Water-supply</subfield>
    <subfield code="z">Oklahoma.</subfield>
  </datafield>
  <datafield tag="650" ind1=" " ind2="0">
    <subfield code="a">Water</subfield>
    <subfield code="x">Composition.</subfield>
  </datafield>
  <datafield tag="810" ind1="2" ind2=" ">
    <subfield code="a">Oklahoma State University.</subfield>
    <subfield code="b">Office of Engineering Research and Engineering Experiment Station.</subfield>
    <subfield code="t">Publication ;</subfield>
    <subfield code="v">no 52.</subfield>
  </datafield>
  <datafield tag="810" ind1="2" ind2=" ">
    <subfield code="a">Oklahoma State University.</subfield>
    <subfield code="b">College of Engineering.</subfield>
    <subfield code="t">Publication ;</subfield>
    <subfield code="v">v. 12, no 1.</subfield>
  </datafield>
  <datafield tag="999" ind1=" " ind2=" ">
    <subfield code="c">28062</subfield>
    <subfield code="d">28062</subfield>
  </datafield>
</record>
